Statistics for Qantas Destinations-Sydney

Click here to take the quiz!

General Stats

  • This quiz has been taken 73 times
  • The average score is 35 of 46

Answer Stats

Country Airport % Correct
USASan Francisco
100%
USALos Angeles
100%
UKLondon
100%
ThailandBangkok
100%
SingaporeSingapore
100%
PhilippinesManila
100%
New ZealandAuckland
100%
JapanTokyo Haneda
100%
Hong KongHong Kong
100%
AustraliaPerth
98%
New ZealandWellington
98%
New ZealandChristchurch
98%
IndonesiaJakarta
98%
ChinaShanghai
98%
ChileSantiago de Chile
98%
AustraliaAdelaide
98%
ChinaBeijing
98%
AustraliaBrisbane
98%
USANew York
96%
AustraliaMelbourne
96%
South AfricaJohannesburg
95%
JapanOsaka
95%
IndonesiaDenpasar
93%
AustraliaDarwin
93%
USADallas
89%
AustraliaCanberra
88%
AustraliaCairns
86%
AustraliaGold Coast
84%
AustraliaHobart
82%
USAHonolulu
79%
AustraliaAlice Springs
77%
FijiNadi
75%
New ZealandQueenstown
65%
France ( New Caledonia )Nouméa
63%
AustraliaSunshine Coast
56%
AustraliaAlbury
44%
AustraliaDubbo
37%
AustraliaWagga Wagga
35%
AustraliaTamworth
30%
AustraliaCoffs Harbour
28%
AustraliaHamilton Island
26%
AustraliaPort Macquarie
23%
AustraliaArmidale
21%
AustraliaToowoomba
18%
AustraliaLord Howe Island
16%
AustraliaMoree
11%

Score Distribution

Percentile by Number Answered

Percent of People with Each Score

Your Score History

You have not taken this quiz